[Event "International Championship of Central Serbia 2015 - OPEN A"]
[Site "Paracin"]
[Date "2015.07.07"]
[Round "5.50"]
[White "Lekic, Lazar"]
[Black "Ludvigsen, Frode"]
[Result "1-0"]
[WhiteElo "2235"]
[BlackElo "2085"]
[PlyCount "47"]
[EventDate "2015.07.03"]

1. e4 e6 2. d4 d5 3. Nd2 Nf6 4. e5 Nfd7 5. f4 c5 6. c3 Nc6 7. Ndf3 Qb6 8. a3 a5
9. b3 Be7 10. h4 f6 11. Bd3 O-O 12. Bxh7+ Kxh7 13. Ng5+ Kg8 14. Qh5 fxg5 15.
hxg5 Bxg5 16. fxg5 Ncxe5 17. dxe5 Rf5 18. Qh8+ Kf7 19. Rh7 Rxe5+ 20. Ne2 Ke7
21. Qxg7+ Kd6 22. Bf4 c4 23. Bxe5+ Nxe5 24. Qe7+ 1-0

[Event "International Championship of Central Serbia 2015 - OPEN A"]
[Site "Paracin"]
[Date "2015.07.07"]
[Round "5.51"]
[White "Tisma, Ivan"]
[Black "Vasova, Maria"]
[Result "0-1"]
[WhiteElo "2206"]
[BlackElo "2022"]
[Annotator "Natasa"]
[PlyCount "101"]
[EventDate "2015.07.03"]

1. c4 c6 2. Nf3 Nf6 3. e3 d5 4. d4 g6 5. Nc3 Bg7 6. Be2 O-O 7. O-O Bg4 8. Qb3
Qb6 9. Qa3 e6 10. Bd2 Nbd7 11. cxd5 exd5 12. Rfc1 Bxf3 13. Bxf3 Rfe8 14. Na4
Qa6 15. Qb3 Ne4 16. Be1 Nd6 17. Qd1 Ne4 18. Be2 b5 19. Nc3 Qb7 20. a4 Nxc3 21.
Rxc3 bxa4 22. Qxa4 c5 23. Ba6 Qc7 24. Rc2 Reb8 25. Bb5 Nb6 26. Qa6 c4 27. b3
Rc8 28. Ba5 Qd6 29. bxc4 dxc4 30. g3 Bf8 31. Qb7 Rc7 32. Qf3 Rac8 33. Ba6 Rb8
34. Rb1 Qa3 35. Rb5 Qa4 36. Qe2 Bb4 37. Ra2 Ba3 38. e4 c3 39. Rc2 Qxd4 40. Rb3
Bb2 41. Bd3 Rd8 42. Rbxb2 cxb2 43. Rxc7 Qxd3 44. Qxb2 Qxe4 45. Rc1 Qe6 46. Re1
Qd6 47. Bb4 Qc6 48. Qa2 Qc4 49. Qa3 Nd5 50. Ba5 Rc8 51. Bd2 {unreadable} 0-1

[Event "International Championship of Central Serbia 2015 - OPEN A"]
[Site "Paracin"]
[Date "2015.07.07"]
[Round "5.52"]
[White "Egorova, Ayyyna"]
[Black "Johansson, Thomas"]
[Result "1-0"]
[WhiteElo "1901"]
[BlackElo "2180"]
[PlyCount "65"]
[EventDate "2015.07.03"]

1. e4 e6 2. d4 d5 3. Nc3 Bb4 4. e5 c5 5. a3 Bxc3+ 6. bxc3 Qa5 7. Bd2 Qa4 8. Qg4
g6 9. Ra2 Nc6 10. Nf3 Bd7 11. Be2 O-O-O 12. O-O f6 13. Rb1 c4 14. h4 f5 15. Qg3
Nge7 16. Bh6 Qa5 17. Ng5 f4 18. Qh3 Nf5 19. Nf7 Nxh6 20. Nd6+ Kb8 21. Nxb7 Qc7
22. Nxd8+ Ka8 23. Nb7 Nf5 24. Rab2 h5 25. Nc5 Bc8 26. Bxc4 dxc4 27. Qf3 Nfe7
28. Qe2 Na5 29. Rb5 a6 30. Qe4+ Nd5 31. Nxe6 Bxe6 32. Rxd5 Qc6 33. Rxa5 1-0

[Event "International Championship of Central Serbia 2015 - OPEN A"]
[Site "Paracin"]
[Date "2015.07.07"]
[Round "5.53"]
[White "Markovic, Miroslav R"]
[Black "Kucuksari, Kaan"]
[Result "1/2-1/2"]
[WhiteElo "2114"]
[BlackElo "1981"]
[Annotator "Natasa"]
[PlyCount "43"]
[EventDate "2015.07.03"]

1. d4 Nf6 2. c4 e6 3. Nc3 Bb4 4. Qc2 O-O 5. Bg5 c5 6. e3 cxd4 7. exd4 Nc6 8.
Nf3 h6 9. Bh4 g5 10. Bg3 g4 11. Nh4 Nxd4 12. Qd2 Nf5 13. Nxf5 exf5 14. O-O-O
Ne4 15. Qd5 Nxc3 16. bxc3 Re8 17. Qd2 Ba3+ 18. Kb1 Re6 19. Ka1 Rb6 20. Rb1 Qf6
21. h3 Rxb1+ 22. Kxb1 {unreadable} 1/2-1/2

[Event "International Championship of Central Serbia 2015 - OPEN A"]
[Site "Paracin"]
[Date "2015.07.07"]
[Round "5.54"]
[White "Perovic, Zivojin"]
[Black "Henriksen, Geir"]
[Result "1/2-1/2"]
[WhiteElo "2042"]
[BlackElo "2192"]
[PlyCount "52"]
[EventDate "2015.07.03"]

1. e4 c5 2. Nf3 e6 3. c4 Nc6 4. Nc3 Nf6 5. Be2 Be7 6. O-O O-O 7. d4 cxd4 8.
Nxd4 d6 9. Be3 a6 10. f3 Qc7 11. Qd2 b6 12. Rac1 Nxd4 13. Bxd4 Rb8 14. Rfd1 Rd8
15. a3 Bd7 16. b4 Be8 17. Bf1 Nd7 18. Qf2 Bf6 19. Bxf6 Nxf6 20. Qd4 Rbc8 21.
Qd2 h6 22. Kh1 Kf8 23. Qf4 Nh5 24. Qe3 Nf6 25. Qf4 Nh5 26. Qe3 Nf6 1/2-1/2

[Event "International Championship of Central Serbia 2015 - OPEN A"]
[Site "Paracin"]
[Date "2015.07.07"]
[Round "5.56"]
[White "Lazov, Toni"]
[Black "Djordjevic, Gradimir"]
[Result "1-0"]
[WhiteElo "2141"]
[BlackElo "2111"]
[PlyCount "89"]
[EventDate "2015.07.03"]

1. e4 d6 2. d4 Nf6 3. Nc3 e5 4. Nf3 Nbd7 5. Bc4 Be7 6. O-O O-O 7. a4 a5 8. Re1
c6 9. Ba2 Qc7 10. h3 Rd8 11. Ng5 Rf8 12. Be3 h6 13. Nf3 Re8 14. Qd2 Nf8 15.
Rad1 Be6 16. d5 Bd7 17. Nxe5 dxe5 18. d6 Qxd6 19. Qxd6 Bxd6 20. Rxd6 Be6 21. f3
Bxa2 22. Nxa2 Rec8 23. c4 Rd8 24. Red1 Rxd6 25. Rxd6 N8d7 26. c5 Kf8 27. Nc1
Ke7 28. Rd3 Ne8 29. Nb3 Nc7 30. Rc3 Ne6 31. Rc4 Ra6 32. h4 h5 33. Bd2 b6 34.
cxb6 Nxb6 35. Rxc6 Kd7 36. Rxe6 fxe6 37. Nc5+ Kc6 38. Nxa6 Nxa4 39. Bxa5 Kb5
40. Nc7+ Kxa5 41. Nxe6 g6 42. Nf8 Nxb2 43. Nxg6 Nd3 44. g4 hxg4 45. h5 1-0